00681nam a2200241 a 4500001001300000003000900013005001700022008004100039020001000080082001600090100001300106245002900119260003400148300000900182500003500191505003400226650001900260700001300279902000800292942000700300952011700307999001500424nice12345678IN_TiNIC20260116012948.0050524s1981 cala grp 000 0 eng  ac23500a954.13bRAY aRay, B C aOrissa Under the Mughals aCalcuttabPunthi-Pustakc1981 a269p aincludes index and biblioraphy2 aBibliography, Appendex, Index aOrissa-History1 aRay, B C bSRS cBK 001040708StackRoom-aHMIbHMId2007-04-05g235.00l0o954.13 RAYp010556r2007-04-05v235.00w2005-05-24yBK c9074d9074